000 00311nam a2200121Ia 4500
008 190216s9999||||xx |||||||||||||| ||und||
100 _aBanarasi Das Chadurvedhi
245 0 _aHindi-Ramaprasad Vishmal Athmakatha
260 _bNew Age International Publishers
300 _a151
650 _aHindi
942 _cBK
999 _c15903
_d15903